000 00821nas a2200277 4500
001 BR2010002844
003 BR-BrBNA
005 20231205114250.0
007 ta
008 230509b bl.|||p| |||| 00| 00por d
040 _aBR-BrBNA
_bpor
_cBiblioteca Nacional de Agricultura
041 _a(Pt)
072 _aF04
100 1 _aFarinelli, R.
100 1 _aCarmo, C.A. do
100 1 _aAndré, L.F.
100 1 _aPereira, F.C.M.
245 1 _aDesenvolvimento de cultivares de feijão em função de fontes nitrogenadas
650 _aFEIJÃO
650 _aFERTILIZANTE NITROGENADO
650 _aVARIEDADE
650 _aADUBAÇÃO
773 0 _tRevista de Agricultura (Brazil)
_xISSN 0034-7655
_g(Jun 2010), v. 85(1) p. 80-87
_wBR2010002844
909 _a202311
_bLúcia
_c55
_dLúcia Elande
942 _2AGRIS
_n0
_cANA
999 _c207932
_d207932